Statistics for Figure out the Lyrics 1

Click here to take the quiz!

General Stats

  • This quiz has been taken 509 times
  • The average score is 96 of 206

Answer Stats

Answer% Correct
a
98%
I
98%
You
96%
you
96%
the
93%
The
93%
love,
85%
love
85%
me
81%
to
76%
And
75%
be
74%
on
71%
in
70%
is
69%
your
67%
it
66%
my
64%
My
64%
for
57%
So
57%
that
48%
heart
45%
If
43%
see
41%
know
38%
But
36%
time
35%
I'm
34%
way
34%
eyes
33%
like
31%
hands
30%
it's
30%
say
30%
I'll
28%
we're
28%
get
26%
up
26%
need
25%
need,
25%
Feel
22%
had
21%
Ooh,
21%
going
20%
only
19%
Babe,
16%
Babe
16%
babe
16%
true
16%
must
15%
without
15%
'Cause
14%
I've
13%
Please
13%
please
13%
through
13%
try
12%
again
10%
near
10%
smile
10%
believe
9%
once
8%
while
8%
feeling
7%
lonely
7%
missing
7%
leaving
6%
tears
6%
enough
5%
Giving
5%
giving
5%
Whenever
5%
drawing
4%
train
4%
courage
3%
forget
3%
strength
3%
weary
3%
somehow
2%
trying
2%

Score Distribution

Percentile by Number Answered

Percent of People with Each Score

Your Score History

You have not taken this quiz